[Event "Dhaka Powertec op-B"]
[Site "Dhaka"]
[Date "2017.07.19"]
[Round "5"]
[White "Ratan, Kumar Paul"]
[Black "Md Zafrul, Islam"]
[Result "1-0"]
[WhiteElo "1797"]
[BlackElo "1888"]
[PlyCount "33"]
[EventDate "2017.07.15"]
[EventType "swiss"]
[EventRounds "9"]
[EventCountry "BAN"]
[SourceTitle "EXT 2018"]
[Source "ChessBase"]
[SourceDate "2017.10.13"]
[SourceVersion "1"]
[SourceVersionDate "2017.10.13"]
[SourceQuality "1"]

1. e4 c5 2. Nf3 Nc6 3. d4 cxd4 4. Nxd4 e5 5. Nb5 d6 6. N1c3 a6 7. Na3 Nf6 8. Bg5 Be7 9. Bd3 b5 10. Bxf6 Bxf6 11. Nd5 0-0 12. 0-0 Nd4 13. c3 Ne6 14. Nc2 Bb7 15. Qh5 Bxd5 16. exd5 Nd4 17. Qxh7# 1-0

[Event "Dhaka Powertec op-B"]
[Site "Dhaka"]
[Date "2017.07.18"]
[Round "4"]
[White "Md Zafrul, Islam"]
[Black "Abdul, Momin"]
[Result "0-1"]
[WhiteElo "1888"]
[BlackElo "1985"]
[PlyCount "72"]
[EventDate "2017.07.15"]
[EventType "swiss"]
[EventRounds "9"]
[EventCountry "BAN"]
[SourceTitle "EXT 2018"]
[Source "ChessBase"]
[SourceDate "2017.10.13"]
[SourceVersion "1"]
[SourceVersionDate "2017.10.13"]
[SourceQuality "1"]

1. e4 e5 2. Nf3 Nf6 3. Nc3 Nc6 4. Bb5 Bc5 5. d3 0-0 6. 0-0 d6 7. h3 Ne7 8. Na4 Bb4 9. c3 Ba5 10. b4 Bb6 11. Nxb6 axb6 12. Bc4 c6 13. Bb3 Ng6 14. Nh2 d5 15. exd5 cxd5 16. Bg5 Be6 17. Qf3 e4 18. Bxf6 exf3 19. Bxd8 fxg2 20. Kxg2 Rfxd8 21. f4 Bf5 22. d4 Rac8 23. Rac1 b5 24. Ng4 Be4+ 25. Kg3 Rd6 26. f5 Ne7 27. Ne3 Rdc6 28. Kf4 Rxc3 29. Rxc3 Rxc3 30. Re1 Kf8 31. Ke5 f6+ 32. Kf4 Bxf5 33. a4 Be4 34. Bd1 Rd3 35. Bf3 Bxf3 36. Kxf3 Rxd4 0-1

[Event "BAN-chT2"]
[Site "Dhaka"]
[Date "2016.11.09"]
[Round "7.4"]
[White "Md Zafrul, Islam"]
[Black "Khan, Mokaddesur Rahman"]
[Result "1/2-1/2"]
[WhiteElo "1936"]
[BlackElo "1974"]
[PlyCount "74"]
[EventDate "2016.11.03"]
[EventType "team-swiss"]
[EventRounds "7"]
[EventCountry "BAN"]
[SourceTitle "CBM 175 Extra"]
[Source "ChessBase"]
[SourceDate "2016.12.12"]
[SourceVersion "1"]
[SourceVersionDate "2016.12.12"]
[SourceQuality "1"]
[WhiteTeam "Morning Glory"]
[BlackTeam "Esoft Arena"]
[WhiteTeamCountry "BAN"]
[BlackTeamCountry "BAN"]

1. e4 c5 2. Nf3 d6 3. d4 cxd4 4. Nxd4 Nf6 5. Nc3 a6 6. Be2 e5 7. Nb3 Be6 8. Be3 Nbd7 9. 0-0 b5 10. Bd3 Be7 11. h3 0-0 12. Qd2 Rc8 13. f4 Nb6 14. Bxb6 Qxb6+ 15. Qf2 Qc7 16. Kh1 b4 17. fxe5 bxc3 18. exf6 Bxf6 19. bxc3 Bxc3 20. Rad1 a5 21. a4 Be5 22. Nd4 Bd7 23. Bb5 Bxb5 24. Nxb5 Qxc2 25. Qxc2 Rxc2 26. Nxd6 Bxd6 27. Rxd6 Rc4 28. Ra6 Rxa4 29. e5 Re8 30. Ra7 Rf8 31. Rd7 h5 32. Rd5 Re4 33. Rxa5 Re8 34. e6 R4xe6 35. Rxh5 Rg6 36. Kh2 Rge6 37. Rb5 R6e7 1/2-1/2

[Event "Dhaka op"]
[Site "Dhaka"]
[Date "2016.06.25"]
[Round "2"]
[White "Mohammad Fahad, Rahman"]
[Black "Md Zafrul, Islam"]
[Result "1-0"]
[WhiteElo "2153"]
[BlackElo "1891"]
[PlyCount "101"]
[EventDate "2016.06.24"]
[EventType "swiss"]
[EventRounds "9"]
[EventCountry "BAN"]
[SourceTitle "EXT 2017"]
[Source "ChessBase"]
[SourceDate "2016.10.25"]
[SourceVersion "1"]
[SourceVersionDate "2016.10.25"]
[SourceQuality "1"]

1. c4 g6 2. d4 Bg7 3. Nc3 Nf6 4. e4 d6 5. Nf3 0-0 6. Be2 b6 7. 0-0 Bb7 8. Qc2 Nc6 9. Rd1 a5 10. a3 Qc8 11. h3 e5 12. d5 Ne7 13. Be3 Ne8 14. b4 f5 15. Ng5 h6 16. Ne6 Rf7 17. c5 axb4 18. axb4 bxc5 19. bxc5 fxe4 20. c6 Ba6 21. Qa4 Bxe2 22. Qxa8 Qxa8 23. Rxa8 Bxd1 24. Rxe8+ Kh7 25. Nxd1 Nxd5 26. Bd2 Re7 27. Nxg7 Kxg7 28. Rd8 Rf7 29. Rd7 Nb6 30. Bxh6+ Kg8 31. Rxf7 Kxf7 32. Nc3 Ke6 33. Bg5 Nc4 34. Bd8 Na5 35. Bxc7 Nxc6 36. Nxe4 d5 37. Nc5+ Kf5 38. Kf1 e4 39. Ke2 Nd4+ 40. Ke3 Nc2+ 41. Kd2 Nd4 42. Bb6 Nc6 43. Nb3 Ne5 44. Nd4+ Kf6 45. Bd8+ Kf7 46. Ke3 Ke8 47. Bf6 Nc4+ 48. Kf4 Kf7 49. Bh4 Ke8 50. Nc2 Kf7 51. Ne3 1-0